000 00393cam a2200157ua 4500
999 _c15605
_d15605
003 OSt
008 190520b ||||| |||| 00| 0 eng d
020 _a9789386418890
082 _a664.
_bSRI/FO
100 _aSrilakshmi, B .
_94088
245 _aFood Science /
250 _a4 / 5
260 _aNew Delhi :
_bNew Age International Ltd , Publishers
_c2013
300 _a494 p.
942 _cBK